banner koha

A new section of Anthurium, sect. Decurrentia - Revision of the Anthurium decurrens Poeppig complex in Amazonia (Registro n. 328263)

MARC details
000 -LÍDER
fixed length control field 03267nab a2200265 i 4500
003 - CÓDIGO MARC DA AGÊNCIA CATALOGADORA
Campo de controle BR-BrBNA
005 - DATA E HORA DA ÚLTIMA ATUALIZAÇÃO
Campo de controle 20241024161943.0
008 - CAMPO DE TAMANHO FIXO
fixed length control field 241024b2005 bl.qr|pooa||| 00| 0 eng |
040 ## - FONTE DA CATALOGAÇÃO
Agência catalogadora BR-BrBNA
Idioma da catalogação eng
072 ## - CATEGORIA AGRIS
Código AGRIS F70
100 ## - ENTRADA PRINCIPAL - NOME PESSOAL
Nome pessoal Croat, Thomas B.
100 ## - ENTRADA PRINCIPAL - NOME PESSOAL
Nome pessoal Lingán, Jorge
100 ## - ENTRADA PRINCIPAL - NOME PESSOAL
Nome pessoal Hayworth, Douglas
245 ## - TÍTULO PRINCIPAL
Título principal A new section of Anthurium, sect. Decurrentia - Revision of the Anthurium decurrens Poeppig complex in Amazonia
500 ## - NOTA GERAL
Nota geral Publicação on-line; 4 illus.; Summaries (En, Pt)
942 ## - ADDED ENTRY ELEMENTS (KOHA)
Koha item type Analítica
520 ## - NOTA DE RESUMO
Nota de conteúdo <br/>ABSTRACT<br/><br/>(A new section of Anthurium, sect. Decurrentia - Revision of the Anthurium decurrens Poeppig complex in<br/>Amazonia) A revision of 6 closely related species from the Amazon basin in Colombia, Ecuador and Peru<br/>is presented, and 4 new species of Anthurium are published as new: Anthurium ceronii Croat, A. payaminoense<br/>Croat & Lingán, A. sydneyi Croat & Lingán and A. whitmorei Croat & Lingán. Two species, A. decurrens<br/>Poeppig and A. longispadiceum K. Krause are redescribed because they have been, until recently, totally<br/>unknown or misrepresented by other taxa. The species are all members of a new section named Decurrentia,<br/>newly named here for the first time. All members of section Decurrentia have in common short internodes,<br/>elongated, epunctate leaf blades, and peduncles tending to be weakly or prominently ridged or winged. In<br/>addition, several of the species have early-emergent, elongated berries. All species treated here occur in the<br/>lowlands of Amazonia and have been confused with one another by botanists for a long time.<br/><br/>Key-words: Anthurium, new section, Decurrentia, Amazonia, new species
520 ## - NOTA DE RESUMO
Nota de conteúdo <br/>RESUMO<br/><br/>(Uma nova seção de Anthurium, sect. Decurrentia - Revisão do complexo Anthurium decurrens Poeppig<br/>na Amazônia) É apresentada uma revisão de seis espécies estreitamente relacionadas da bacia amazônica<br/>na Colômbia, Equador e Peru, sendo quatro espécies novas: Anthurium ceronii Croat, A. payaminoense<br/>Croat & Lingán, A. sydneyi Croat & Lingán e A. whitmorei Croat & Lingán. Duas espécies, A. decurrens<br/>Poeppig e A. longispadiceum K. Krause, são novamente descritas porque foram, até recentemente, totalmente <br/>desconhecidas ou confundidas com outros taxa. As espécies são membros de uma seção nova,<br/>Decurrentia, descrita aqui pela primeira vez. Todos os membros da seção Decurrentia têm em comum<br/>internós curtos, alongados, lâminas da folha sem pontuações e pedúnculos que tendem a ser fraca ou <br/>proeminente rígidos ou alados. Além disso, várias espécies têm bagas precocemente emergentes e alongadas.<br/>Todas as espécies tratadas aqui ocorrem na planície amazônica e têm sido confundidas umas com as outras<br/>por botânicos durante muito tempo.<br/><br/>Palavras-chave: Anthurium, nova seção, Decurrentia, Amazônia, espécie nova.
650 ## - ASSUNTO - THESAGRO
Cabeçalho tópico ou nome geográfico ANTÚRIO
650 ## - ASSUNTO - THESAGRO
Cabeçalho tópico ou nome geográfico AMAZÔNIA
650 ## - ASSUNTO - THESAGRO
Cabeçalho tópico ou nome geográfico ESPÉCIE
773 0# - ENTRADA ANALÍTICA
Host Biblionumber 709
Registro do item 345666
Imprenta Rio de Janeiro-RJ Jardim Botanico do Rio de Janeiro 1935
Outro identificador 2024-6298
Título Rodriguésia (Brazil)
ISSN 0370-6583; 2175-7860 on-line
Colação v. 56(88) p. 15-30; (2005)
Número de controle de registro BR2024003346
856 ## - ACESSO E ENDEREÇO ELETRÔNICO
Identificador uniforme de recurso - URI https://www.scielo.br/j/rod/a/QhLgKgpfkB5Np7fr9qyvxBF/?format=pdf&lang=en

Nenhum exemplar disponível.

BINAGRI

Telefone: (61)3218-2567/2388/3357/2097 - binagri@agro.gov.br

Ministério da Agricultura e Pecuária , Esplanada dos Ministérios, Bloco D, Anexo B, Brasília/DF, CEP: 70.043-900